[Event "Time to Move"]
[Site "SchemingMind.com"]
[Date "2006.11.21"]
[Round "-"]
[White "tacticrules"]
[Black "chesswch1"]
[Result "1-0"]
[WhiteCountry "GER"]
[BlackCountry "BRN"]
[WhiteElo "1573"]
[WhiteRD "53"]
[BlackElo "1686"]
[BlackRD "114"]
[GameID "77830"]

1. d4 Nf6 2. c4 e6 3. Nf3 b6 4. g3 Ba6 5. b3 Bb4+ 6. Bd2 Be7 7. Bg2 Bb7 8. O-O c5 9. Bc3 d5 10. Ne5 O-O
11. cxd5 Bxd5 12. dxc5 Bxc5 13. Bxd5 Nxd5 14. e4 Nxc3 15. Qxd8 Rxd8 16. Nxc3
1-0

[Event "Time to Move"]
[Site "SchemingMind.com"]
[Date "2006.11.21"]
[Round "-"]
[White "chesswch1"]
[Black "tacticrules"]
[Result "0-1"]
[WhiteCountry "BRN"]
[BlackCountry "GER"]
[WhiteElo "1686"]
[WhiteRD "114"]
[BlackElo "1573"]
[BlackRD "53"]
[GameID "77831"]

1. e4 d5 2. exd5 Nf6 3. d4 Bg4 4. f3 Bf5 5. Bb5+ Bd7 6. Bxd7+ Qxd7 7. c4 c6 8. dxc6 Qxc6 9. b3 e6 10. Ne2 Bb4+
11. Bd2 Bxd2+ 12. Nxd2 O-O 13. O-O Rd8 14. Rc1 Qd7
0-1

[Event "Time to Move"]
[Site "SchemingMind.com"]
[Date "2006.11.21"]
[Round "-"]
[White "trzysiek"]
[Black "tacticrules"]
[Result "0-1"]
[WhiteCountry "POL"]
[BlackCountry "GER"]
[WhiteElo "1478"]
[WhiteRD "136"]
[BlackElo "1583"]
[BlackRD "51"]
[GameID "77930"]

1. d4 d5 2. c4 c6 3. cxd5 cxd5 4. Nc3 Nf6 5. Bg5 Nc6 6. e3 Bf5 7. Nf3 e6 8. Bd3 Bxd3 9. Qxd3 Be7 10. O-O Rc8
11. Rac1 O-O 12. a3 h6 13. Bh4 Qb6 14. b4 a6 15. Na4 Qd8
0-1

[Event "Time to Move"]
[Site "SchemingMind.com"]
[Date "2006.11.21"]
[Round "-"]
[White "tacticrules"]
[Black "trzysiek"]
[Result "1-0"]
[WhiteCountry "GER"]
[BlackCountry "POL"]
[WhiteElo "1583"]
[WhiteRD "51"]
[BlackElo "1478"]
[BlackRD "136"]
[GameID "77932"]

1. d4 Nf6 2. c4 g6 3. g3 Bg7 4. Bg2 d6 5. Bg5 O-O 6. Nc3 e5 7. dxe5 dxe5 8. Qxd8 Rxd8 9. Nd5 Nbd7 10. Rd1 Rf8
11. Ne7+ Kh8 12. Nxc8 Raxc8 13. Bxb7 Rcd8 14. Bxf6 Bxf6 15. e3 Nc5 16. Rxd8 Rxd8 17. Bg2
1-0

[Event "Time to Move"]
[Site "SchemingMind.com"]
[Date "2006.11.21"]
[Round "-"]
[White "brumi"]
[Black "tacticrules"]
[Result "1-0"]
[WhiteCountry "HUN"]
[BlackCountry "GER"]
[WhiteElo "1842"]
[WhiteRD "83"]
[BlackElo "1583"]
[BlackRD "51"]
[GameID "77990"]

1. e4 e5 2. Nf3 Nc6 3. Bb5 Nf6 4. O-O Nxe4 5. d4 Nd6 6. dxe5 Nxb5 7. a4 Nd6 8. exd6 Bxd6 9. Re1+ Be7 10. Nc3 O-O
11. Qe2 d6 12. Nd5 Be6 13. Nf4 Nb4 14. Nxe6 fxe6 15. c3 Nc6 16. Qxe6+ Kh8 17. Be3 Rf6 18. Qd5 Qd7 19. Bg5 Rf5 20. Qd2 Bxg5
21. Nxg5 h6 22. Nf3 Raf8 23. Re3 R5f7 24. Rf1 Na5 25. Qd5 Rf5 26. Qd3 Nc6 27. Nh4 R5f7 28. Ng6+ Kg8 29. Nxf8 Rxf8 30. Qd5+ Kh8
31. Qb5 Ne5 32. Qxb7 Qd8 33. Qxa7 Qh4 34. Rh3 Qe7 35. Qd4 Nc6 36. Rxh6+ Kg8 37. Qd5+
1-0

[Event "Time to Move"]
[Site "SchemingMind.com"]
[Date "2006.11.23"]
[Round "-"]
[White "brumi"]
[Black "chesswch1"]
[Result "1-0"]
[WhiteCountry "HUN"]
[BlackCountry "BRN"]
[WhiteElo "1926"]
[WhiteRD "82"]
[BlackElo "1686"]
[BlackRD "114"]
[GameID "77991"]

1. e4 c5 2. Nf3 Nc6 3. d4 cxd4 4. Nxd4 Nf6 5. Nc3 e5 6. Ndb5 d6 7. Bg5 a6 8. Na3 Be7 9. Nc4 b5 10. Bxf6 gxf6
11. Ne3 Nd4 12. Ncd5 Be6 13. c3 Bxd5 14. Nxd5 Ne6 15. Qh5
1-0

[Event "Time to Move"]
[Site "SchemingMind.com"]
[Date "2006.11.21"]
[Round "-"]
[White "brumi"]
[Black "trzysiek"]
[Result "1-0"]
[WhiteCountry "HUN"]
[BlackCountry "POL"]
[WhiteElo "1842"]
[WhiteRD "83"]
[BlackElo "1478"]
[BlackRD "136"]
[GameID "77992"]

1. e4 d5 2. exd5 Qxd5 3. Nc3 Qa5 4. d4 Nf6 5. h3 Bf5 6. Nf3 Nc6 7. Bb5 e6 8. Bxc6+ bxc6 9. Ne5 Bb4 10. Bd2 c5
11. Qf3 O-O 12. Nc6 Qb6 13. O-O cxd4 14. Na4 Qb5 15. Bxb4
1-0

[Event "Time to Move"]
[Site "SchemingMind.com"]
[Date "2006.11.21"]
[Round "-"]
[White "tacticrules"]
[Black "brumi"]
[Result "0-1"]
[WhiteCountry "GER"]
[BlackCountry "HUN"]
[WhiteElo "1583"]
[WhiteRD "51"]
[BlackElo "1842"]
[BlackRD "83"]
[GameID "77993"]

1. d4 Nf6 2. c4 e6 3. Nf3 b6 4. g3 Ba6 5. b3 Bb4+ 6. Bd2 Be7 7. Bg2 c6 8. Bc3 d5 9. Nbd2 Nbd7 10. O-O O-O
11. Re1 dxc4 12. bxc4 c5 13. Ne5 Rc8 14. Qa4 Nb8 15. Nc6 Nxc6 16. Qxa6 Nxd4 17. Bxd4 Qxd4 18. Nf3 Qd6 19. Rad1 Qc7 20. e4= Rfd8
21. e5 Rxd1 22. Rxd1 Nd7 23. Re1 g6 24. Qa3 Bf8 25. Qe3 Bg7 26. Kf1 Qc6 27. Nd4 cxd4 28. Bxc6 dxe3 29. Bxd7 exf2 30. Bxc8 fxe1=Q+
31. Kxe1 Bxe5 32. Ke2 Bd4 33. h3 Kg7 34. Kd3 Bf2 35. g4 Kf6 36. Bb7 Ke5 37. a4 Kf4 38. Bg2 f5 39. Ke2 Bc5 40. Bf1 fxg4
41. hxg4 Kxg4 42. Kd3 Kf4 43. Be2 e5 44. Bf1 e4+ 45. Ke2 e3 46. Bg2 g5 47. Bf3 g4 48. Bc6 h5 49. Bh1 h4 50. Bg2 h3
0-1

[Event "Time to Move"]
[Site "SchemingMind.com"]
[Date "2006.11.23"]
[Round "-"]
[White "chesswch1"]
[Black "brumi"]
[Result "0-1"]
[WhiteCountry "BRN"]
[BlackCountry "HUN"]
[WhiteElo "1686"]
[WhiteRD "114"]
[BlackElo "1926"]
[BlackRD "82"]
[GameID "77994"]

1. e4 e5 2. Nf3 d5 3. exd5 Bg4 4. Bb5+ c6 5. dxc6 Nxc6 6. h3 Bd7 7. Nc3 Bc5 8. d3 Qb6 9. Nd5 Qa5+ 10. Bd2 Qd8
11. Be3 Bd6 12. d4 Qa5+ 13. Nc3 Ba3
0-1

[Event "Time to Move"]
[Site "SchemingMind.com"]
[Date "2006.11.21"]
[Round "-"]
[White "trzysiek"]
[Black "brumi"]
[Result "0-1"]
[WhiteCountry "POL"]
[BlackCountry "HUN"]
[WhiteElo "1478"]
[WhiteRD "136"]
[BlackElo "1842"]
[BlackRD "83"]
[GameID "77995"]

1. e4 e5 2. f4 Bc5 3. Nf3 d6 4. c3 Bg4 5. d4 exd4 6. cxd4 Bxf3 7. gxf3 Qh4+ 8. Ke2 Bb6 9. Nc3 Nf6 10. Be3 Nh5
11. Qe1 Nxf4+ 12. Bxf4 Qxf4 13. Nd5 Qg5 14. Qd2 Qh5 15. a4 c6 16. Nxb6 axb6
0-1

[Event "Time to Move"]
[Site "SchemingMind.com"]
[Date "2006.11.25"]
[Round "-"]
[White "tassie_devil"]
[Black "tacticrules"]
[Result "1-0"]
[WhiteCountry "AUS"]
[BlackCountry "GER"]
[WhiteElo "1870"]
[WhiteRD "84"]
[BlackElo "1583"]
[BlackRD "51"]
[GameID "78271"]

1. e4 e6 2. b3 c6 3. Bb2 d5 4. e5 g6 5. Nf3 Bg7 6. d4 Ne7 7. Nbd2 O-O 8. Bd3 Qc7 9. Ba3 Re8 10. Bd6 Qb6
11. c4 Nd7 12. Qe2 Qd8 13. O-O Nf5 14. cxd5 Nxd6 15. exd6 Nf6 16. dxc6 bxc6 17. Nc4 Ba6 18. Nfe5 Nd5 19. Nxc6 Qd7 20. N4e5 Bxd3
21. Qxd3 Qxd6 22. Rac1 f6 23. Nf3 Nb4 24. Nxb4 Qxb4 25. Qa6 Qe7 26. Rc6 Rab8 27. Rfc1 Bh6 28. Re1 e5 29. dxe5 fxe5 30. Qc4+ Kh8
31. Nxe5 Qg5 32. Nf7+
1-0

[Event "Time to Move"]
[Site "SchemingMind.com"]
[Date "2006.11.24"]
[Round "-"]
[White "tassie_devil"]
[Black "brumi"]
[Result "0-1"]
[WhiteCountry "AUS"]
[BlackCountry "HUN"]
[WhiteElo "1896"]
[WhiteRD "87"]
[BlackElo "1785"]
[BlackRD "86"]
[GameID "78273"]

1. e3 e5 2. d4 exd4 3. exd4 d5 4. c4 Bb4+ 5. Nc3 Nf6 6. Bg5 O-O 7. Nf3 Bg4 8. a3 Bxc3+ 9. bxc3 Re8+ 10. Be3 Ne4
11. Qb3 Bxf3 12. gxf3 Nxf2 13. Kxf2 Qh4+ 14. Kg1 Rxe3 15. Qxb7 g6 16. Ra2 Rxf3 17. Qxa8 Qg5+
0-1

[Event "Time to Move"]
[Site "SchemingMind.com"]
[Date "2006.11.26"]
[Round "-"]
[White "tassie_devil"]
[Black "chesswch1"]
[Result "1-0"]
[WhiteCountry "AUS"]
[BlackCountry "BRN"]
[WhiteElo "1870"]
[WhiteRD "105"]
[BlackElo "1682"]
[BlackRD "125"]
[GameID "78274"]

1. Nf3 d5 2. e3 Nf6 3. b3 g6 4. Bb2 Bg7 5. c4 c6 6. Nc3 O-O 7. Be2 dxc4 8. Bxc4= Bf5 9. O-O= Nbd7 10. d4= Qc7
11. Bd3
1-0

[Event "Time to Move"]
[Site "SchemingMind.com"]
[Date "2006.11.23"]
[Round "-"]
[White "tacticrules"]
[Black "tassie_devil"]
[Result "0-1"]
[WhiteCountry "GER"]
[BlackCountry "AUS"]
[WhiteElo "1610"]
[WhiteRD "53"]
[BlackElo "1896"]
[BlackRD "87"]
[GameID "78276"]

1. d4 b5 2. c4 bxc4 3. Nf3 d5 4. Qc2 Nc6 5. e3 Rb8 6. Nc3 Nh6 7. Be2 Nb4 8. Qa4+ Bd7 9. Qd1 Bf5 10. Qa4+ c6
11. O-O Qc7 12. a3 Bc2 13. Qxb4 Rxb4 14. axb4 Ng4 15. h3 Nf6 16. Bd2 Ne4 17. Rac1 Nxd2 18. Rfe1 Nxf3+ 19. Bxf3 Bd3 20. Na4 e5
21. dxe5 Bxb4 22. Red1 Qxe5
0-1

[Event "Time to Move"]
[Site "SchemingMind.com"]
[Date "2006.11.24"]
[Round "-"]
[White "brumi"]
[Black "tassie_devil"]
[Result "1/2-1/2"]
[WhiteCountry "HUN"]
[BlackCountry "AUS"]
[WhiteElo "1842"]
[WhiteRD "83"]
[BlackElo "1870"]
[BlackRD "84"]
[GameID "78278"]

1. e4 g6 2. Bb5 c6 3. Bc4 d5 4. exd5 cxd5 5. Bb3 Bg7 6. d4 Nc6 7. c3 Nf6 8. Nf3 O-O 9. h3 Qd6 10. O-O Ne4
11. Re1 Bf5 12. Bc2 Qd7 13. Bxe4 Bxe4 14. Nbd2 Bf5 15. Nf1 Qd6 16. Ng3 Bd7 17. Bg5 f6 18. Be3 b5 19. Qd2 e5 20. dxe5 Nxe5=
1/2-1/2

[Event "Time to Move"]
[Site "SchemingMind.com"]
[Date "2006.11.24"]
[Round "-"]
[White "chesswch1"]
[Black "tassie_devil"]
[Result "1-0"]
[WhiteCountry "BRN"]
[BlackCountry "AUS"]
[WhiteElo "2009"]
[WhiteRD "149"]
[BlackElo "1870"]
[BlackRD "84"]
[GameID "78279"]

1. e4 d6 2. d4 Nf6 3. Nc3 g6 4. f4 Bg7 5. Nf3 O-O 6. Be3 Nc6 7. e5 dxe5 8. fxe5 Nd5 9. Nxd5 Bg4= 10. Nc3 a6=
11. Qd2 Bxf3= 12. gxf3
1-0

[Event "Time to Move"]
[Site "SchemingMind.com"]
[Date "2006.11.24"]
[Round "-"]
[White "trzysiek"]
[Black "tassie_devil"]
[Result "0-1"]
[WhiteCountry "POL"]
[BlackCountry "AUS"]
[WhiteElo "1478"]
[WhiteRD "150"]
[BlackElo "1870"]
[BlackRD "105"]
[GameID "78280"]

1. d4 f5 2. c4 e6 3. Nc3 Bb4 4. e3 Nf6 5. g3 O-O 6. Bg2 d5 7. cxd5 exd5 8. Nf3 Ne4 9. Qb3 Bxc3+ 10. bxc3 Nc6
0-1

[Event "Time to Move"]
[Site "SchemingMind.com"]
[Date "2006.11.23"]
[Round "-"]
[White "kisei"]
[Black "tacticrules"]
[Result "0-1"]
[WhiteCountry "HUN"]
[BlackCountry "GER"]
[WhiteElo "1771"]
[WhiteRD "103"]
[BlackElo "1610"]
[BlackRD "53"]
[GameID "78307"]

1. e4 Nf6 2. e5 Nd5 3. d4 d6 4. c4 Nb6 5. f4 g6 6. Nf3 Bg7 7. Nc3 Bg4 8. h3 Bxf3 9. Qxf3 c6 10. Be2 O-O
11. O-O N8d7 12. Be3 Qc7 13. exd6 exd6 14. f5 c5 15. d5 Ne5 16. Qg3 Rae8 17. f6 Bh8 18. Bh6 Nbxc4 19. Bxc4 Nxc4 20. Bxf8 Rxf8
21. Qg4 Ne3 22. Qg5 Nxf1 23. Rxf1 Re8 24. Nd1 b5= 25. Nf2 c4 26. Qh6 Qc5 27. Kh2 Qxd5
0-1

[Event "Time to Move"]
[Site "SchemingMind.com"]
[Date "2006.11.24"]
[Round "-"]
[White "kisei"]
[Black "tassie_devil"]
[Result "1-0"]
[WhiteCountry "HUN"]
[BlackCountry "AUS"]
[WhiteElo "1771"]
[WhiteRD "103"]
[BlackElo "1896"]
[BlackRD "87"]
[GameID "78308"]

1. e4 g5 2. d4 h6 3. Nc3 d6 4. Be3 Nf6 5. Bd3 e5 6. Nf3 Ng4 7. Qd2 Nxe3 8. Qxe3 g4 9. Nd2 Nc6 10. d5 Nb4
11. a3 Nxd3+ 12. Qxd3 Bd7 13. O-O-O Bg7 14. Qg3 h5 15. f3 h4 16. Qf2 f5 17. fxg4 fxg4 18. Rhf1 Qg5 19. g3 hxg3 20. hxg3 Rf8
21. Qg1 O-O-O 22. Qxa7 c5 23. Kb1 Rxf1 24. Rxf1 Qxd2 25. Rf7
1-0

[Event "Time to Move"]
[Site "SchemingMind.com"]
[Date "2006.11.23"]
[Round "-"]
[White "kisei"]
[Black "brumi"]
[Result "1-0"]
[WhiteCountry "HUN"]
[BlackCountry "HUN"]
[WhiteElo "1801"]
[WhiteRD "165"]
[BlackElo "1722"]
[BlackRD "100"]
[GameID "78310"]

1. e4 c5 2. Nf3 d6 3. d4 cxd4 4. Nxd4 Nf6 5. Nc3 a6 6. Bg5 e6 7. f4 Qb6 8. Qd2 Qxb2 9. Nb3 Qa3 10. Bxf6 gxf6
11. Be2 Nc6 12. O-O Qb4 13. Qe3 h5 14. a3
1-0

[Event "Time to Move"]
[Site "SchemingMind.com"]
[Date "2006.11.23"]
[Round "-"]
[White "kisei"]
[Black "chesswch1"]
[Result "1-0"]
[WhiteCountry "HUN"]
[BlackCountry "BRN"]
[WhiteElo "1836"]
[WhiteRD "81"]
[BlackElo "2009"]
[BlackRD "149"]
[GameID "78311"]

1. e4 c5 2. Nf3 Nc6 3. d4 cxd4 4. Nxd4 Nf6 5. Nc3 e5 6. Ndb5 d6 7. Bg5 a6 8. Na3 b5 9. Bxf6 gxf6 10. Nd5 f5
11. Bd3 Rg8 12. g3 Nd4 13. c3 fxe4 14. Bxe4 Bf5 15. Bxf5 Nxf5 16. Qf3 Ne7 17. Nf6#
1-0

[Event "Time to Move"]
[Site "SchemingMind.com"]
[Date "2006.11.23"]
[Round "-"]
[White "kisei"]
[Black "trzysiek"]
[Result "0-1"]
[WhiteCountry "HUN"]
[BlackCountry "POL"]
[WhiteElo "1771"]
[WhiteRD "103"]
[BlackElo "2023"]
[BlackRD "175"]
[GameID "78312"]

1. e4 e5 2. Nf3 Nc6 3. Bc4 Bc5 4. b4 Bxb4 5. c3 Ba5 6. d4 d6 7. dxe5 dxe5 8. Qxd8+ Kxd8 9. Bxf7 Nf6 10. Bg5 h6
11. Bxf6+ gxf6 12. O-O Ke7 13. Bd5 Be6 14. Bxc6 bxc6 15. Rc1 Rad8 16. Nbd2 Rd3 17. Nb3 Bxc3 18. Rab1 Rb8 19. Nc5 Rxb1 20. Rxb1 Rd6
21. Kf1 Bc4+ 22. Kg1 Bxa2 23. Rc1 Bb2
0-1

[Event "Time to Move"]
[Site "SchemingMind.com"]
[Date "2006.11.23"]
[Round "-"]
[White "tacticrules"]
[Black "kisei"]
[Result "1-0"]
[WhiteCountry "GER"]
[BlackCountry "HUN"]
[WhiteElo "1610"]
[WhiteRD "53"]
[BlackElo "1771"]
[BlackRD "103"]
[GameID "78313"]

1. d4 d5 2. c4 c6 3. Nf3 Nf6 4. e3 e6 5. Bd3 Nbd7 6. Nc3 Bb4 7. O-O O-O 8. Bd2 dxc4 9. Bxc4 Bxc3 10. Bxc3 Nb6
11. Be2 Nfd5 12. Bd2 Re8 13. e4 Nf6 14. Qc2 Nbd7 15. Bg5 h6 16. Bh4 e5 17. dxe5 Nxe5 18. Rad1 Qe7 19. Rfe1 Bg4 20. Nxe5 Bxe2
21. Nxc6 Bxd1 22. Nxe7+
1-0

[Event "Time to Move"]
[Site "SchemingMind.com"]
[Date "2006.11.24"]
[Round "-"]
[White "tassie_devil"]
[Black "kisei"]
[Result "1-0"]
[WhiteCountry "AUS"]
[BlackCountry "HUN"]
[WhiteElo "1896"]
[WhiteRD "87"]
[BlackElo "1771"]
[BlackRD "103"]
[GameID "78314"]

1. d4 d5 2. Nc3 e6 3. e4 Nf6 4. e5 Nfd7 5. Qg4 c5 6. Nf3 cxd4 7. Qxd4 Nc6 8. Qf4 Qc7 9. Nb5 Qb8 10. Be3 Ndxe5
11. Nxe5 Nxe5 12. Nxa7 Rxa7 13. Bb5+ Bd7 14. Bxd7+ Nxd7 15. Qxb8+ Nxb8 16. Bxa7 Nc6 17. Be3 Bb4+ 18. c3 Bd6 19. O-O O-O 20. f4 e5
21. Rad1 d4 22. fxe5 dxe3 23. Rxd6
1-0

[Event "Time to Move"]
[Site "SchemingMind.com"]
[Date "2006.11.23"]
[Round "-"]
[White "brumi"]
[Black "kisei"]
[Result "0-1"]
[WhiteCountry "HUN"]
[BlackCountry "HUN"]
[WhiteElo "1785"]
[WhiteRD "86"]
[BlackElo "1771"]
[BlackRD "103"]
[GameID "78316"]

1. e4 e5 2. Nf3 Nc6 3. Bb5 a6 4. Ba4 Nf6 5. O-O Be7 6. Re1 b5 7. Bb3 d6 8. c3 O-O 9. h3 Nb8 10. d4 Nbd7
11. Bg5 Bb7 12. Nbd2 h6 13. Bh4 c5 14. d5 c4 15. Bc2 Nxd5 16. Bxe7 Nxe7 17. Nf1 Nc5 18. Ng3 a5 19. Qe2 a4 20. a3 Ng6
21. Rad1 Nf4 22. Qd2 Nfd3 23. Bxd3 Nxd3 24. Re2 d5 25. Qe3 dxe4 26. Nxe4 f5 27. Nc5 f4 28. Nxb7 fxe3 29. Nxd8 exf2+ 30. Kf1 Raxd8
31. Nxe5 Rde8 32. Nxd3 Rxe2 33. Kxe2 f1=Q+ 34. Rxf1 cxd3+
0-1

[Event "Time to Move"]
[Site "SchemingMind.com"]
[Date "2006.11.23"]
[Round "-"]
[White "chesswch1"]
[Black "kisei"]
[Result "0-1"]
[WhiteCountry "BRN"]
[BlackCountry "HUN"]
[WhiteElo "1686"]
[WhiteRD "114"]
[BlackElo "1842"]
[BlackRD "81"]
[GameID "78317"]

1. e4 e5 2. Nf3 Nc6 3. Bb5 a6 4. Ba4 Nf6 5. O-O Nxe4 6. d4 b5 7. Bb3 d5 8. dxe5 Be6 9. c3 Bc5 10. Nbd2 O-O
11. Bc2 f5 12. exf6 Nxf6 13. Nb3 Bb6 14. Nfd4 Nxd4 15. Nxd4 Bxd4 16. cxd4 Qd7 17. f3 Rfc8 18. Bg5 Qe7 19. Qd3 h6 20. Bh4 c5
21. Rae1 c4
0-1